| 000 | 00912cab a22001935a 4500 | ||
|---|---|---|---|
| 001 | L152537 | ||
| 008 | 110325s2011 xxk f 000 0 eng d | ||
| 035 | _a(Sirsi) u152537 | ||
| 041 | 0 | _aeng | |
| 100 | 1 | _aWakefield, Cliff | |
| 245 | 0 | 0 | _aAre the users of adjudication getting a raw deal? |
| 260 | _c2011 | ||
| 490 | 0 |
_aConstruction Law Journal _v27(2) 2011, 103-116(14) |
|
| 520 | _aA surge in the use of adjudication is expected during 2011 as companies seek to maximise the recovery of as much money as possible from their claims; examines the significant drop in demand for adjudicators since early 2010 experienced by RICS and Adjudicator Nominating Bodies (ANBs); construction disputes. | ||
| 590 | _aKA | ||
| 651 | 4 |
_aUnited Kingdom _y |
|
| 690 | _aMANAGEMENT-DISPUTE AVOIDANCE, MANAGEMENT AND RESOLUTION-DISPUTE MANAGEMENT AND RESOLUTION-ALTERNATIVE DISPUTE RESOLUTION-ADJUDICATION | ||
| 942 | _n0 | ||
| 999 |
_c82994 _d82994 |
||